| 000 | 00829nam a2200253 a 4500 | ||
|---|---|---|---|
| 001 | BRCA_4432 | ||
| 005 | 20190320204653.0 | ||
| 008 | 230810s1964----nyua######---#000-0#eng-# | ||
| 041 | _aeng | ||
| 044 | _anyu | ||
| 050 | 4 |
_aNK2599 _b.H57 3 1964 |
|
| 100 | 1 |
_aHardendorff Burr, Grace _910919 |
|
| 245 | 1 | 0 |
_aHispanic Furniture _bfrom the fifteenth through the eighteenth Century _cby Grace Hardendorff Burr. |
| 250 | _a2 | ||
| 260 |
_aNueva York _bArchive Press _c1964 |
||
| 300 |
_axix, 231 p. _bil., 202 láminas _c31 cm. |
||
| 500 | _aIncluye índice alfabético, índice de ilustraciones y notas | ||
| 500 | _aEjemplar igual a AM48, ver también M75 (1ra. ed.) | ||
| 500 | _aY62 | ||
| 650 | 1 | 4 |
_aMuebles _xHistoria _zEspaña _910920 |
| 650 | 1 | 4 |
_aMuebles barrocos _ySiglo XV-XVIII _910921 |
| 902 | _aGFM | ||
| 942 |
_2lcc _cB |
||
| 999 |
_c4141 _d4141 |
||